Labour Law Seminar (4/94) : (Record no. 717)
[ view plain ]
| 000 -LEADER | |
|---|---|
| fixed length control field | 00463nam a22001577a 4500 |
| 005 - DATE AND TIME OF INPUT | |
| control field | 20231116092010.0 |
| 008 - DATA ELEMENTS--GENERAL INFORMATION | |
| fixed length control field | 231116b |||||||| |||| 00| 0 eng d |
| 041 ## - LANGUAGE CODE | |
| Language code of text | English |
| 082 ## - SHELF NUMBER | |
| DDC number | 344.1 LAB |
| 100 ## - MAIN AUTHOR | |
| Main author's name | Smuts, D |
| Language of a work | English |
| 245 ## - TITLE STATEMENT | |
| Title | Labour Law Seminar (4/94) : |
| Sub-title | Compensation for Unfair Dismissal / |
| Statement of responsibility, etc. | D Smuts |
| 260 ## - PUBLICATION, DISTRIBUTION, ETC. | |
| Date of publication, distribution, etc. | 1992 |
| 300 ## - PHYSICAL DESCRIPTION | |
| Other physical details | 40 pages ; |
| Dimensions | 30,5 cm. |
| 650 ## - SUBJECT` | |
| Broad subject | Legal practice |
| Own subject terms | Law |
| 942 ## - ADDED ENTRY ELEMENTS (KOHA) | |
| Item type | Books |
| 942 ## - ADDED ENTRY ELEMENTS (KOHA) | |
| -- | ALISON_BN_VRIES |
| Source of classification or shelving scheme | Not for loan | Collection code | Home library | Current library | Shelving location | Date acquired | Full call number | Barcode | Price effective from | Koha item type |
|---|---|---|---|---|---|---|---|---|---|---|
| Dewey Decimal Classification | TEXT BOOKS | LAW SOCIETY OF NAMIBIA LIBRARY - WINDHOEK | LAW SOCIETY OF NAMIBIA LIBRARY - WINDHOEK | Labour law | 11/16/2023 | 344.1 LAB | LSN/2009/84 | 11/16/2023 | Books | |
| Dewey Decimal Classification | TEXT BOOKS | LAW SOCIETY OF NAMIBIA LIBRARY - WINDHOEK | LAW SOCIETY OF NAMIBIA LIBRARY - WINDHOEK | Labour law | 11/16/2023 | 344.1 LAB | LSN/2009/16 | 11/16/2023 | Books | |
| Dewey Decimal Classification | TEXT BOOKS | LAW SOCIETY OF NAMIBIA LIBRARY - WINDHOEK | LAW SOCIETY OF NAMIBIA LIBRARY - WINDHOEK | Labour law | 11/16/2023 | 344.1 LAB | LSN/2009/17 | 11/16/2023 | Books |
